00651nam a2200181Ia 450000500170000000800410001702000180005808200170007610000160009324500360010926000370014530000130018250001280019565000080032394200120033199900190034395201070036220250728154342.0250728s9999 xx 000 0 und d a9780521875158 a951.056bCLA aClark, Paul 4aThe Chinese Cultural Revolution bCambridge University Pressc2008 a15 pages aThis book analyzes the Cultural Revolution through the conflict between innovation and a top-down enforcement of modernity. aArt cENGLISH c577732d577732 00104070aACLbACLc7Bd2025-07-28l0o951.056 CLAp195984r2025-07-28 15:43:42w2025-07-28yENGLISH